LDR 00922nam a2200193 i 4500 001 000000153714 003 CaOOAMICUS 005 20060930000000.0 008 060930s1978 it u000 u ita u 013 $a131057 040 $aSeMil$bita 245 10$aComunicazioni su scoperte inedite. 300 $a603 p. :$bill. 490 0 $aStudi di antichità cristiana ;$v32.[2] 773 0 $tAtti del 9. Congresso Internazionale di Archeologia Cristiana.$dRoma : Pontificio Istituto di Archeologia Cristiana, 1978.$kStudi di antichità cristiana / Pontificio Istituto di archeologia cristiana$gVolume2$w()16463 830 0$aStudi di antichità cristiana / Pontificio Istituto di archeologia cristiana ;$v32.[2].$0(OLS)http://semarc/title/15683 850 $aSeMil 852 $aSeMil$W1$xVenegono$y1$m5R VI 26$j105603$B105603$CSeMilBibl$Z2$F114790 $81 996 $6245$aComunicazioni su scoperte inedite$9(OLS)http://semarc/title/224877